书目信息 |
| 题名: |
投资交易笔记
|
|
| 作者: | 董德志 著 | |
| 分册: | ||
| 出版信息: | 北京 经济科学出版社 2011 |
|
| 页数: | 329页 | |
| 开本: | 26cm | |
| 丛书名: | ||
| 单 册: | ||
| 中图分类: | F832.51 | |
| 科图分类: | ||
| 主题词: | 债券市场--中国--2002-2010 , 债券市场 | |
| 电子资源: | ||
| ISBN: | 978-7-5141-0670-1 | |
| 000 | 01051nlm0 2200277 450 | |
| 001 | 523 | |
| 005 | 20140909165138.20 | |
| 010 | @a978-7-5141-0670-1@dCNY52.00 | |
| 100 | @a20110802d2011 em y0chiy50 ea | |
| 101 | 0 | @achi |
| 102 | @aCN@b110000 | |
| 105 | @ay z 000yy | |
| 106 | @ar | |
| 200 | 1 | @a投资交易笔记@ATou Zi Jiao Yi Bi Ji@e2002~2010年中国债券市场研究回眸@E2002~2010 Nian Zhong Guo Zhai Quan Shi Chang Yan Jiu Hui Mou@f董德志著@FDong De Zhi Zhu |
| 210 | @a北京@c经济科学出版社@d2011 | |
| 215 | @a329页@d26cm | |
| 325 | @a电子复制品 | |
| 330 | @a本书并非是从制度建设角度来讲述中国债券市场的发展,而是从一个交易员、投资者以及分析员的角度来描述那些曾经发生,而且未来一定会再度发生的事件。 | |
| 510 | 1 | @aBond market@zeng |
| 517 | 1 | @a2002~2010年中国债券市场研究回眸@A2002~2010 Nian Zhong Guo Zhai Quan Shi Chang Yan Jiu Hui Mou |
| 606 | 0 | @a债券市场@y中国@z2002-2010 |
| 606 | 0 | @a债券市场 |
| 690 | @aF832.51@v5 | |
| 701 | 0 | @a董德志@ADong De Zhi@4著 |
| 801 | 0 | @aCN@bTANGWEI@c20140603 |
| 905 | @b0838654-56@dF832.51@e113@f3 | |
| 投资交易笔记:2002~2010年中国债券市场研究回眸/董德志著.-北京:经济科学出版社,2011 |
| 329页;26cm |
| ISBN 978-7-5141-0670-1:CNY52.00 |
| 本书并非是从制度建设角度来讲述中国债券市场的发展,而是从一个交易员、投资者以及分析员的角度来描述那些曾经发生,而且未来一定会再度发生的事件。 |
| ● |
| 相关链接 |
|
|
|
|
正题名:投资交易笔记
索取号:F832.51/113
 
预约/预借
| 序号 | 登录号 | 条形码 | 馆藏地/架位号 | 状态 | 备注 |
| 1 | 0838654 | 208386548 | 第一样本阅览室/ [索取号:F832.51/113] | 在馆 | |
| 2 | 0838655 | 208386557 | 密集书库-海洋学院/ [索取号:F832.51/113] | 在馆 | |
| 3 | 0838656 | 208386566 | 第一借阅区/ [索取号:F832.51/113] | 在馆 |